Normal view
MARC view
Entry Nombre personal
001 - NÚMERO DE CONTROL
- campo de control: 43165
003 - IDENTIFICADOR DEL NÚMERO DE CONTROL
- campo de control: BNPHU
005 - FECHA Y HORA DE LA ÚLTIMA TRANSACCIÓN
- campo de control: 20240305130808.0
008 - DATOS DE LONGITUD FIJA
- campo de control de longitud fija: 200615|| aca||aabn | a|a d
010 ## - NÚMERO DE CONTROL DE LA BIBLIOTECA DEL CONGRESO
- Número de control de LC: no2016057151
040 ## - FUENTE DE LA CATALOGACIÓN
- Centro catalogador/agencia de origen: DO-SBNP
- Lengua de catalogación: spa
- Centro/agencia transcriptor: BNPHU
- Normas de descripción: rda
100 1# - ENCABEZAMIENTO-NOMBRE DE PERSONA
- Nombre de persona: Florentino, Ysabel,
- Fechas asociadas al nombre: 1981-
370 ## - LUGAR ASOCIADO
- Lugar de nacimiento: San Cristóbal (República Dominicana)
372 ## - CAMPO DE ACTIVIDAD
- Campo de actividad: Escritora
375 ## - GÉNERO/SEXO
- Género/Sexo: Femenino
377 ## - LENGUA/LENGUAJE ASOCIADO
- Código del idioma: spa
670 ## - FUENTE DE DATOS ENCONTRADOS
- Cita de la fuente: Work cat.: (OSt)19984: Barina Coiscou, Sócrates, 1916- 43162, Poemas memoriales /, 2016.
670 ## - FUENTE DE DATOS ENCONTRADOS
- Cita de la fuente: Florentino, Ysabel. Rituales cotidianos, 2014
670 ## - FUENTE DE DATOS ENCONTRADOS
- Cita de la fuente: Florentino, Ysabel. Ángeles grises, 2016
